Holiday Quiz

Random Holiday or Food Quiz
Score 0/20 Timer 05:00
0 Plays Today
% Correct
Snowman
98.3%
Star
95.8%
Gift
95.5%
Angel
94.7%
Stocking
94.7%
Santa and Mrs. Claus
94%
Bell
93.6%
Candle
93.1%
Snowflake
92.7%
Candy Cane
92.4%
% Correct
Christmas Tree
92.3%
Wreath
92.1%
Reindeer
91.9%
Church
91.5%
Nativity Scene
87.5%
Holly and Ivy
85.2%
Sleigh
84.6%
Grinch
84%
Nutcracker
80.2%
Poinsettia
70.3%
Remove Ads.
Support Sporcle.
Get the best of Sporcle when you Go Orange. This ad-free experience offers more features, more stats, and more fun while also helping to support Sporcle. Thank you for becoming a member.

You're not logged in!

Compare scores with friends on all Sporcle quizzes.
OR
Log In

Show Comments

Extras

Top Quizzes Today


Score Distribution

Your Account Isn't Verified!

In order to create a playlist on Sporcle, you need to verify the email address you used during registration. Go to your Sporcle Settings to finish the process.

Report this User

Report this user for behavior that violates our Community Guidelines.

Details: